| 000 | 00968nam a2200229Ia 4500 | ||
|---|---|---|---|
| 001 | L250-16555 | ||
| 003 | IT-CnALBA | ||
| 008 | 170116s9999||||xx |||||||||||||| ||und|| | ||
| 040 |
_aIT-CnALBA _cIT-CnALBA |
||
| 041 | _aITALIANO | ||
| 100 | _aSIMONETTI D. A., PROF. | ||
| 245 | 0 | _aLA SCIENZA E LO SPIRITO DELLA RELIGIONE NELLA SCUOLA MODERNA | |
| 250 | _a1a ed. | ||
| 260 |
_a BIELLA. _bAMOSSO G. TIPOGR. E LITOGR. _c1905 [1° Ed.:1905 - Ed.Ling.Originale: 1905] |
||
| 300 | _a26 p. | ||
| 500 | _aCONFERENZA COMMEMORATIVA DELL'OPERA DI MONS. ALESSI. PROLUSIONE AL CORSO ACCADEMICO DI S. TERESA IN TORINO, FEBBRAIO 1905. | ||
| 501 | _aSocietà San Paolo EM - Piazza San Paolo, 14 - 12051 ALBA (CN) (non commercial uses only) ® Copyright 2017 | ||
| 520 | _aCONFERENZA COMMEMORATIVA DELL'OPERA DI MONS. ALESSI. PROLUSIONE AL CORSO ACCADEMICO DI S. TERESA IN TORINO, FEBBRAIO 1905. | ||
| 650 | _aTEOLOGIA PASTORALE | ||
| 942 | _cBK | ||
| 957 | _71 | ||
| 999 |
_a21302 _bSI _g Copie: 1 _c275714 _d275714 |
||